| 000 | 00373nam a2200169Ia 4500 | ||
|---|---|---|---|
| 008 | 230524s9999 xx 000 0 und d | ||
| 020 | _a0074621688 | ||
| 082 |
_a5.133 _bJAN |
||
| 100 | _aR.K.Jain | ||
| 245 | 0 | _aFortran 77 | |
| 250 | _a2ND | ||
| 260 |
_aNEW DELHI _bTMH _c1996 |
||
| 300 | _aIX;269 | ||
| 500 | _aQuantity Number: 1 | ||
| 650 | _aComp-Sc | ||
| 942 | _cBK | ||
| 999 |
_c12868 _d12868 |
||